000 00289 a2200145 4500
001 58152
020 _a
040 _cAnchieta - Pituba
240 1 0 _aValores da terra
_lpor
245 1 0 _aValores da terra
300 _a84
362 0 _a2000
650 4 _aPoesia brasileira
942 _cBK
999 _c58152
_d58152